banner-ar

PRINCIPLES OF SCIENCE / (Record no. 4746)

MARC details
000 -الفاتح
حقل البيانات ثابتة الطول 00612nam a2200217Ia 4500
008 - عناصر البيانات ثابتة الطول - معلومات عامة
حقل البيانات ثابتة الطول 140319s9999 xx 000 0 eng d
020 ## - الرقم الدولى المعيارى للكتب
الرقم الدولى المعيارى للكتاب 067507732X
040 ## - مصدر الفهرسة
وكالة الفهرسة الأصلية GCL /
وكالة النسخ GCL
082 04 - رقم تصنيف ديوى العشرى
رقم التصنيف 375.5
رقم المادة H P
100 1# - المدخل الرئيسى - إسم شخصى
الإسم الشخصى HEILMER, CHARLES H.
245 10 - بيان العنوان
العنوان PRINCIPLES OF SCIENCE /
بيان المسئوليه,etc HEILMER, CHARLES H.
700 1# - المدخل الاضافى - اسم شخصى
الإسم الشخصى NEAL, CHARLES D.
300 ## - الوصف المادى
التعداد BOOK 1
تفاصيل ماديه اخرى للوعاء ILL. ؛
أبعاد الوعاء 24 cm.
490 ## - بيان السلسلة
عنوان السلسلة AMERRILL SCIENCE PROGRAM
رقم المجلد/ التعيين التسلسلي 0
650 04 - المدخل الاضافى بالموضوع-مصطلح موضوعى
مصطلح موضوعي SCIENCE
650 04 - المدخل الاضافى بالموضوع-مصطلح موضوعى
مصطلح موضوعي CURRICULUM
650 04 - المدخل الاضافى بالموضوع-مصطلح موضوعى
مصطلح موضوعي SCIENCE - STUDY AND TEACHING
942 ## - عناصر المدخل الإضافي( كوها)
مصدر التصنيف او مخطط الترفيف Dewey Decimal Classification
Koha [default] item type كتاب
260 ## - PUBLICATION, DISTRIBUTION, ETC. (IMPRINT)
-- نيويورك :
-- CHARLES E. MENILL PUBLISHING COMPANY
Holdings
حالة التراجع حالة الفقد حالة تلف ليس للاعارة المكان المؤقت الموقع الحالى تاريخ الاكتساب اجمالي اﻻعارات رقم الطلب الباركود تاريخ اخر مشاهدة تاريخ تفعيل السعر نوع وعاء كوها
        مكتبة القاهرة الكبرى مكتبة القاهرة الكبرى 03/26/2014   375.5\H P 10673 03/26/2014 03/26/2014 كتاب

Powered By

EGPV